LEADER 04734nam 2200625 450 001 996465435903316 005 20210312132612.0 010 $a3-540-79980-X 024 7 $a10.1007/978-3-540-79980-1 035 $a(CKB)1000000000490294 035 $a(SSID)ssj0000355432 035 $a(PQKBManifestationID)11227485 035 $a(PQKBTitleCode)TC0000355432 035 $a(PQKBWorkID)10340887 035 $a(PQKB)10233201 035 $a(DE-He213)978-3-540-79980-1 035 $a(MiAaPQ)EBC3063150 035 $a(MiAaPQ)EBC6426075 035 $a(PPN)127055878 035 $a(EXLCZ)991000000000490294 100 $a20210312d2008 uy 0 101 0 $aeng 135 $aurnn|008mamaa 181 $ctxt 182 $cc 183 $acr 200 00$aAlgebraic methodology and software technology $e12th International Conference, AMAST 2008 Urbana, il, USA, July 28-31, 2008, proceedings /$fJose Meseguer, Grigore Rosu (Eds.) 205 $a1st ed. 2008. 210 1$aBerlin ;$aHeidelberg :$cSpringer,$d[2008] 210 4$dİ2008 215 $a1 online resource (XIII, 434 p.) 225 1 $aLecture Notes in Computer Science ;$v5140 300 $aBibliographic Level Mode of Issuance: Monograph 311 $a3-540-79979-6 320 $aIncludes bibliographical references and index. 327 $aMarrying Words and Trees -- Simulation Using Orchestration -- Liberate Computer User from Programming -- An Algebra for Features and Feature Composition -- Petri Nets Are Dioids -- Towards an Efficient Implementation of Tree Automata Completion -- Calculating Invariants as Coreflexive Bisimulations -- Types and Deadlock Freedom in a Calculus of Services, Sessions and Pipelines -- A Declarative Debugger for Maude -- Long-Run Cost Analysis by Approximation of Linear Operators over Dioids -- Towards Validating a Platoon of Cristal Vehicles Using CSP||B -- Explaining Verification Conditions -- Towards Formal Verification of ToolBus Scripts -- A Formal Analysis of Complex Type Flaw Attacks on Security Protocols -- Abstract Interpretation Plugins for Type Systems -- Separation Logic Contracts for a Java-Like Language with Fork/Join -- An Algebraic Semantics for Contract-Based Software Components -- Implementing a Categorical Information System -- Constant Complements, Reversibility and Universal View Updates -- Coinductive Properties of Causal Maps -- Extending Timed Process Algebra with Discrete Stochastic Time -- Vx86: x86 Assembler Simulated in C Powered by Automated Theorem Proving -- Evolving Specification Engineering -- Verification of Java Programs with Generics -- Domain Axioms for a Family of Near-Semirings -- Generating Specialized Rules and Programs for Demand-Driven Analysis -- Non Expansive ?-Bisimulations -- A Hybrid Approach for Safe Memory Management in C -- Service Specification and Matchmaking Using Description Logic -- System Demonstration of Spiral: Generator for High-Performance Linear Transform Libraries -- The Verification of the On-Chip COMA Cache Coherence Protocol. 330 $aThis book constitutes the refereed proceedings of the 12th International Conference on Algebraic Methodology and Software Technology, AMAST 2008, held in Urbana, IL, USA, in July 2008. The 28 revised full papers presented together with 3 invited talks were carefully reviewed and selected from 58 submissions. Among the topics covered are all current issues in formal methods related to algebraic and logical foundations, software technology, and to programming methodology including concurrent and reactive systems, evolutionary software/adaptive systems, logic and functional programming, object paradigms, constraint programming and concurrency, program verification and transformation, programming calculi, specification languages and tools, formal specification and development case studies, logic, category theory, relation algebra, computational algebra, algebraic foundations for languages and systems, coinduction, theorem proving and logical frameworks for reasoning, logics of programs, as well as algebra and coalgebra. 410 0$aLecture notes in computer science ;$v5140. 606 $aSoftware engineering$vCongresses 615 0$aSoftware engineering 676 $a005.1 686 $a004$2sdnb 686 $aDAT 335f$2stub 686 $aMAT 110f$2stub 686 $aSS 4800$2rvk 702 $aMeseguer$b Jose? 702 $aRos?u$b Grigore 712 12$aInternational Conference on Algebraic Methodology and Software Technology 801 0$bMiAaPQ 801 1$bMiAaPQ 801 2$bMiAaPQ 906 $aBOOK 912 $a996465435903316 996 $aAlgebraic Methodology and Software Technology$9774301 997 $aUNISA LEADER 03255nam 2200637Ia 450 001 9910784158903321 005 20230617004753.0 010 $a1-281-36874-1 010 $a9786611368746 010 $a1-4039-8058-6 024 7 $a10.1057/9781403980588 035 $a(CKB)1000000000342691 035 $a(EBL)307750 035 $a(OCoLC)560468890 035 $a(SSID)ssj0000140332 035 $a(PQKBManifestationID)11132466 035 $a(PQKBTitleCode)TC0000140332 035 $a(PQKBWorkID)10053267 035 $a(PQKB)10215658 035 $a(DE-He213)978-1-4039-8058-8 035 $a(MiAaPQ)EBC307750 035 $a(Au-PeEL)EBL307750 035 $a(CaPaEBR)ebr10135667 035 $a(CaONFJC)MIL136874 035 $a(EXLCZ)991000000000342691 100 $a20050209d2005 uy 0 101 0 $aeng 135 $aur|n|---||||| 181 $ctxt 182 $cc 183 $acr 200 10$aDivine play, sacred laughter, and spiritual understanding$b[electronic resource] /$fby Patrick Laude 205 $a1st ed. 210 $aNew York $cPalgrave Macmillan$d2005 215 $a1 online resource (280 p.) 300 $aDescription based upon print version of record. 311 $a1-349-53173-1 311 $a1-4039-7015-7 320 $aIncludes bibliographical references (p. [263]-270) and index. 327 $aCover; Table of Contents; Acknowledgments; Introduction; 1 Ma?ya? and the Divine Treasure; 2 Ambiguity of the Demiurge; 3 Dionysus, Shiva, Osiris; 4 Divine Troublemakers; 5 Coyote and Kin; 6 Reading the Trickster's Footsteps; 7 Thundering Clowns; 8 Spiritual Laughter; 9 Fools for Christ's Sake; 10 The People of Blame; 11 Fools on a Tightrope; 12 Epilogue: Cracks of Light; Notes; Bibliography; Index 330 $aThis study in the relationship between religion and the comic focuses on the ways in which the latter fulfils a central function in the sacred understanding of reality of pre-modern cultures and the spiritual life of religious traditions. The central thesis is that figures such as tricksters, sacred clowns, and holy fools play an essential role in bridging the gap between the divine and the human by integrating the element of disequilibrium that results from the contact between incommensurable realities. This interdisciplinary and cross-cultural series of essays is devoted to spiritual, anthropological, and literary characters and phenomena that point to a deeper understanding of the various mythological, ceremonial, and mystical ways in which the fundamental ambiguity of existence is symbolized and acted out. Given its interdisciplinary and cross-cultural perspective, this volume will appeal to scholars from a variety of fields. 606 $aLaughter$xReligious aspects 606 $aWit and humor$xReligious aspects 606 $aReligion$vHumor 615 0$aLaughter$xReligious aspects. 615 0$aWit and humor$xReligious aspects. 615 0$aReligion 676 $a202/.1 700 $aLaude$b Patrick$f1958-$01491252 801 0$bMiAaPQ 801 1$bMiAaPQ 801 2$bMiAaPQ 906 $aBOOK 912 $a9910784158903321 996 $aDivine play, sacred laughter, and spiritual understanding$93818572 997 $aUNINA